000 00689nam a2200289Ia 4500
005 20260324132307.0
008 008 260324s9999 xx 000 0 eng d
020 _a9781003136385
037 _aEBOOK
040 _aCRL
040 _beng
040 _cCRL
041 _2eng
041 _aeng
084 _qCRL
100 _aGayle Letherby; Gillian Reynolds
_91188733
245 0 _aTrain Tracks
245 0 _bWork, Play and Politics on the Railways
260 _bTaylor and Francis
260 _c2005
365 _a
365 _b230
856 _uhttp://www.taylorfrancis.com/books/9781003136385
942 _cEBOOK
999 _c1786726
_d1786726